George H.W. Bush Presidential Cabinet - Statistics

General Stats
  • This quiz has been taken 68 times
  • The average score is 11 of 27
Answer Stats
Cabinet Position Cabinet Member % Correct
Vice President (1989-1993) Dan Quayle
100%
Secretary of Defense (1989-1993) Dick Cheney
82%
Secretary of State (1989-1992), Chief of Staff (1992-1993) James Baker
82%
Secretary of State (1992-1993) Lawrence Eagleburger
64%
Attorney General (1991-1993) William Barr
64%
Secretary of Labor (1989-1990) Elizabeth Dole
58%
Secretary of Housing and Urban Development (1989-1993) Jack Kemp
52%
Secretary of Labor (1991-1993) Lynn Martin
42%
Secretary of Transportation (1992-1993) Andrew Card
36%
Attorney General (1988-1991) Dick Thornburgh
36%
Chief of Staff (1989-1991) John Sununu
36%
Secretary of Treasury (1989-1993) Nicholas Brady
36%
Secretary of Transportation (1989-1992), Chief of Staff (1991-1992) Samuel Skinner
36%
Secretary of Agriculture (1989-1991) Clayton Yeutter
33%
Secretary of Education (1990-1993) Lamar Alexander
33%
Secretary of Health and Human Services (1989-1993) Louis Sullivan
33%
Secretary of Commerce (1992-1993) Barbara Hackman Franklin
30%
Secretary of Energy (1989-1993) James Watkins
30%
Secretary of Education (1988-1990) Lauro Cavazos
30%
Secretary of the Interior (1989-1993) Manuel Lujan
30%
Director of the Office of Management and Budget (1989-1993) Richard Darman
30%
Secretary of Commerce (1989-1992) Robert Mosbacher
30%
Secretary of Agriculture (1991-1993) Edward Madigan
27%
Director of the Office of National Drug Control Policy (1991-1993) Bob Martinez
21%
United States Trade Representative (1989-1993) Carla Anderson Hills
21%
Director of the Office of National Drug Control Policy (1989-1991) William Bennett
21%
Administrator of the Environmental Protection Agency (1989-1993) William Reilly
18%
No matching quizzes found
Score Distribution
Percent of People with Each Score
Percentile by Number Answered
Your Score History
You have not taken this quiz